Statistiques concernant Géographie européenne par lettre - G

Cliquez ici pour prendre le quiz!

Statistiques générales

  • Ce quiz a été pris 718 fois
  • Le résultat moyen est 13 sur 20

Statistiques - réponses

indicerépondre% Correct
Détroit entre l'Espagne et le MarocGibraltar
96%
Allemagne, en anglaisGermany
95%
Pays en difficulté financièreGrèce
92%
Nom romain pour la FranceGallia
89%
La plus grande fleuve française avec sa source dans les PyrénéesGaronne
88%
Au bord du lac LémanGenève
88%
La plus grande ville d'EcosseGlasgow
78%
Capitale de la Ligurie en ItalieGênes
72%
Ville espagnole autrefois capitale d'un émirat islamiqueGranade
68%
La plus grande île d'EuropeGrande Bretagne
62%
Île en MancheGuernesey
58%
Musée d'art à BilbaoGuggenheim
56%
Région espagnole avec sa propre langueGalice
54%
Hôte des Jeux olympiques d'hiver de 1968Grenoble
50%
Deuxième plus grande ville de SuèdeGöteborg
49%
Colonnes de basalte sur la côte nord irlandaiseChaussée
des {Géants}
47%
Ville flamandeGand
44%
Le village de la maison et du jardin de MonetGiverny
34%
Groupe de langue celtiquegaélique
27%
Ville étudiante autrichienne célèbreGraz
26%

Distribution des résultats

Percentile par nombre de réponses

% des personnes avec chaque résultat

Votre développement - résultats

Vous n’avez pas pris ce quiz